000 00857nam a2200241 a 4500
001 71465
003 BD-RjUL
005 20211209082121.0
008 170503s1993 ii ||||| |||| 00| 0 ben d
020 _c : Tk. 90.00
035 _a(BD-RjUL)71681
040 _aBD-RjUL
_bben
_cBD-RjUL
_dBD-RjUL
041 _aben
082 _223
_a782.42162
_bSIP 1993
100 1 0 _aসিংহ, দীনেশচন্দ্র
_9188274
245 1 0 _aপুর্ব বঙ্গের কবিগান /
_cদীনেশচন্দ্র সিংহ
260 _aকলিকাতা :
_bকলিকাতা বিশ্ববিদ্যালয়,
_c১৯৯৩
300 _aখণ্ড ;
_c২৫ সেমি.
505 _aখণ্ড ১, --
650 _aলোকসঙ্গীত
_9188275
650 _aFolk Songs
_9188276
942 _2ddc
_cBK
999 _c71465
_d71465